[Event "GER-ch U25 op-C"]
[White "Schmidt, Lina"]
[Black "Schwarzfischer, Ramona"]
[Site "Willingen"]
[Round "5"]
[Result "0-1"]
[Date "2024.05.22"]
[WhiteElo "746"]
[BlackElo "974"]
[PlyCount "74"]
[EventDate "2024.05.19"]
[EventType "swiss"]
[EventRounds "9"]
[EventCountry "GER"]
[SourceTitle "EXT 2025"]
[Source "ChessBase"]
[SourceDate "2024.10.14"]
[SourceVersion "1"]
[SourceVersionDate "2024.10.14"]
[SourceQuality "1"]

1. e4 c6 2. d4 d5 3. exd5 cxd5 4. Bb5+ Nc6 5. Be2 Bf5 6. Nf3 a6 7. Bd3 Bxd3 8. cxd3 e6 9. 0-0 Bd6 10. Nc3 Nge7 11. Ne2 0-0 12. Nf4 Nf5 13. Re1 Ncxd4 14. Bd2 Nxf3+ 15. Qxf3 Nd4 16. Qd1 Rc8 17. Qc1 Rxc1 18. Raxc1 Qh4 19. g3 Qg5 20. a4 Nf3+ 21. Kg2 Nxe1+ 22. Rxe1 e5 23. h4 Qd8 24. Ne2 Qf6 25. Bg5 Qf5 26. d4 e4 27. Nf4 Bxf4 28. Bxf4 Qg4 29. Re3 Rc8 30. Bd6 Rc2 31. b4 Re2 32. Rc3 h6 33. h5 Rd2 34. b5 Qe2 35. bxa6 Qxf2+ 36. Kh3 Qf5+ 37. Kh4 Rh2# 0-1

[Event "GER-ch U25 op-C"]
[White "Racky, Benedikt"]
[Black "Schmidt, Lina"]
[Site "Willingen"]
[Round "1"]
[Result "1-0"]
[Date "2024.05.19"]
[WhiteElo "1180"]
[BlackElo "746"]
[PlyCount "43"]
[EventDate "2024.05.19"]
[EventType "swiss"]
[EventRounds "9"]
[EventCountry "GER"]
[SourceTitle "EXT 2025"]
[Source "ChessBase"]
[SourceDate "2024.10.14"]
[SourceVersion "1"]
[SourceVersionDate "2024.10.14"]
[SourceQuality "1"]

1. d4 d5 2. Bf4 Nc6 3. e3 e6 4. Nf3 Bb4+ 5. c3 Bd6 6. Bg3 Nf6 7. Nbd2 Bd7 8. Bd3 Na5 9. Ne5 Qe7 10. Ndf3 0-0 11. Nxd7 Qxd7 12. Ne5 Qe7 13. Qc2 c6 14. 0-0-0 Rae8 15. h4 b6 16. h5 c5 17. h6 cxd4 18. Bxh7+ Nxh7 19. hxg7 Kxg7 20. Qxh7+ Kf6 21. Ng4+ Kg5 22. Qh5# 1-0